Statistics for Star Trek: TNG Episodes

Click here to take the quiz!

General Stats

  • This quiz has been taken 366 times
  • The average score is 68 of 176

Answer Stats

EpisodeEpisode Name% Correct
1Encounter At Farpoint
95%
25All Good Things...
86%
20Qpid
81%
26Best Of Both Worlds, Part I
76%
1Best of Both Worlds, Part II
76%
15Yesterday's Enterprise
70%
26Time's Arrow, Part I
70%
12Datalore
70%
1Time's Arrow, Part II
70%
23"I, Borg"
68%
3Ensign Ro
68%
3Brothers
65%
11Data's Day
65%
2The Naked Now
65%
2Family
65%
16Q Who?
65%
7Unification, Part I
65%
1The Child
65%
25The Inner Light
65%
22Skin Of Evil
65%
8Unification, Part II
65%
8A Fistful of Datas
59%
15Lower Decks
59%
1Descent, Part II
59%
26Descent, Part I
59%
2Darmok
59%
9The Measure Of A Man
57%
15Tapestry
57%
14Sub Rosa
57%
6The Game
57%
6True Q
54%
4Silicon Avatar
54%
3"Elementary, Dear Data"
54%
3Code of Honor
54%
7Rascals
51%
11Chain of Command, Part II
51%
4Gambit, Part I
51%
5Gambit, Part II
51%
10Chain of Command, Part I
51%
5Where No One Has Gone Before
51%
24Mènage A Troi
51%
1Redemption, Part II
49%
26Redemption, Part I
49%
18Starship Mine
49%
4Who Watches The Watchers
49%
20Tin Man
49%
17Night Terrors
49%
9Hide & Q
49%
22The Most Toys
46%
10The Defector
46%
16Galaxy's Child
43%
13Déjà Q
43%
15First Contact
43%
19Captain's Holiday
43%
5Disaster
43%
16The Offspring
43%
25The Neutral Zone
43%
24Conspiracy
43%
23Sarek
43%
7Reunion
43%
4Relics
43%
5Schisms
43%
25Timescape
43%
12The Pegasus
43%
17Masks
43%
13Angel One
41%
6The Schizoid Man
41%
13Time Squared
41%
24Preemptive Strike
41%
23We'll Always Have Paris
41%
1Evolution
41%
17Sins Of The Father
41%
18Up The Long Ladder
38%
7Justice
38%
17Birthright, Part II
38%
16Birthright, Part I
38%
21The Drumhead
38%
19The Nth Degree
38%
13Devil's Due
38%
2Where Silence Has Lease
38%
5Remember Me
38%
22Shades Of Gray
38%
4Suddenly Human
38%
16When The Bough Breaks
38%
20The Chase
35%
21Symbiosis
35%
10The Loss
35%
8A Matter Of Honor
35%
8The Price
35%
14Clues
35%
11Parallels
35%
6Phantasms
35%
12Violations
35%
1411001001
35%
2The Ensigns Of Command
35%
11Hero Worship
32%
12Ship in a Bottle
32%
4The Outrageous Okona
32%
13The Masterpiece Society
32%
21Frame of Mind
32%
21Hollow Pursuits
32%
15Pen Pals
32%
19Genesis
32%
8Future Imperfect
32%
11The Big Goodbye
32%
10Haven
32%
12The Wounded
30%
13Aquiel
30%
14A Matter Of Perspective
30%
6Lonely Among Us
30%
18Coming Of Age
30%
18Cause and Effect
30%
20The Arsenal Of Freedom
30%
8The Battle
27%
14Face of the Enemy
27%
6Booby Trap
27%
19Heart Of Glory
27%
11The Hunted
27%
20Journey's End
27%
24Second Chances
27%
25Transfigurations
27%
20The Emissary
27%
14Conundrum
27%
21The Perfect Mate
27%
17Samaritan Snare
27%
19The First Duty
27%
21Peak Performance
27%
17The Outcast
27%
9Final Mission
27%
9A Matter Of Time
27%
10The Dauphin
27%
12The Royale
27%
24The Next Phase
24%
7The Enemy
24%
22Imaginary Friend
24%
22Half A Life
24%
11Contagion
24%
13Homeward
24%
19Manhunt
24%
16Thine Own Self
24%
24The Mind's Eye
24%
23The Host
24%
20Cost of Living
24%
15Too Short A Season
24%
9The Vengeance Factor
24%
16Ethics
24%
15Power Play
24%
17Home Soil
24%
18Allegiance
24%
12The High Ground
22%
25In Theory
22%
3The Survivors
22%
23Emergence
22%
14The Icarus Factor
22%
18Identity Crisis
22%
4The Last Outpost
22%
6Legacy
22%
8Attached
22%
10New Ground
22%
3Man of the People
22%
22Suspicions
22%
5The Bonding
22%
22Bloodlines
19%
2Realm of Fear
19%
5Loud As A Whisper
19%
10Inheritance
19%
7Dark Page
19%
21Firstborn
19%
3Interface
19%
2Liaisons
19%
19Lessons
19%
7Unnatural Selection
16%
18Eye Of The Beholder
16%
9The Quality of Life
16%
23Rightful Heir
16%
9Force of Nature
16%

Score Distribution

Percentile by Number Answered

Percent of People with Each Score

Your Score History

You have not taken this quiz